000 00491nam a2200169Ia 4500
008 090711s9999 xx 000 0 und d
082 _b63983
100 _aदिघे प्रभाकर तुकाजी
245 _aफुले
260 _c1981
300 _a163
600 _aदिघे प्रभाकर तुकाजी
630 _aफुले
700 _aदिघे प्रभाकर तुकाजी
730 _aफुले
942 _cBOOK
999 _c298159
_d298159